Επιστήμη και διαφωτισμός

Αποθηκεύτηκε σε:
Λεπτομέρειες βιβλιογραφικής εγγραφής
Κύριος συγγραφέας: Hankins, Thomas L.
Άλλοι συγγραφείς: Γαβρόγλου, Κώστας (Επιμελητής έκδοσης), Γκουνταρούλης, Γιώργος (Μεταφραστής)
Μορφή: Βιβλίο
Γλώσσα:Greek
English
Δημοσίευση: Ηράκλειο : Πανεπιστημιακές Εκδόσεις Κρήτης, c1998.
Σειρά:Ιστορία και φιλοσοφία της επιστήμης
Θέματα:
Ετικέτες: Προσθήκη ετικέτας
Δεν υπάρχουν, Καταχωρήστε ετικέτα πρώτοι!

MARC

LEADER 00000cam a2200000 i 4500
001 1/71127
008 990302r20111989gr | ||| |||| ||gre||
020 |a 9789605240301 
020 |a 9605240300 
035 |l 10048254 
040 |a GR-MyUA  |b gre  |e AACR2 
041 1 |a gre  |h eng 
082 7 |a 509   |2 (22) 
100 1 |a Hankins, Thomas L. 
245 1 0 |a Επιστήμη και διαφωτισμός /   |c Thomas L.Hankins ; απόδοση στα ελληνικά Γιώργος Γκουνταρούλης ; επιστημονική επιμέλεια Κώστας Γαβρόγλου.  
260 |a Ηράκλειο :   |b Πανεπιστημιακές Εκδόσεις Κρήτης,   |c c1998.  
300 |a 331 σ. :   |b εικ. ;   |c 21 εκ.  
490 1 |a (Ιστορία και φιλοσοφία της επιστήμης) 
650 0 0 |a Science  |x History. 
700 1 |a Γαβρόγλου, Κώστας,  |e edt 
700 1 |a Γκουνταρούλης, Γιώργος,  |e trl 
765 0 8 |i Μετάφραση του:   |t Science and the enlightenment 
830 0 |a Ιστορία και φιλοσοφία της επιστήμης 
852 |a INST  |b LESVOS  |e 20000322  |h 509 HAN  |p 005100020664  |q 005100020664  |t BK  |y 0 
852 |a INST  |b RHODES  |e 19990302  |h 509 HAN  |p 005400015489  |q 005400015489  |t BK  |y 0 
852 |a INST  |b SAMOS  |c EUDOXUS  |e 20131031  |h 509 HAN  |p 005300040761  |q 005300040761  |t EDX  |y 0 
901 |a BIBL3-2013-3 
901 |a BIBL-1999-1 
909 |a Σ  |b 178947 
909 |a Ρ  |b 057164 
909 |a Λ  |b 069459 
920 |a ΕΥΔΟΞΟΣ  |b ΠΑΡΑΓΓΕΛΙΑ-ΜΑΘΗΜΑΤΙΚΟ  |y Σάμος  |z 2013-05 
922 |a 4ΕΛΗ  |b 199805  |c ΚΠΣ/ΔΕ  |d EMVASIS 
970 |z 1999/03